01338nam a2200337 a 4500001001100000003000800011006001900019007001500038008004100053010001700094020001500111040002100126035002100147050002800168082002100196100004500217245008700262260004400349300001300393490002400406504005200430533015200482610004300634651005500677651005500732655002900787710001700816830002500833856012500858999001700983ebr5001422CaPaEBRm u cr cn|||||||||910823s1992 enk sb 000 0 eng  z 91028658  z0415040515 aCaPaEBRcCaPaEBR a(OCoLC)17913986214aJN1129.L32b.P48 1992eb04a324.24107/092201 aPhillips, G. A.q(Gordon Ashton),d1942-14aThe rise of the Labour Party, 1893-1931h[electronic resource] /cGordon Phillips. aLondon ;aNew York :bRoutledge,c1992. ax, 70 p.1 aLancaster pamphlets aIncludes bibliographical references (p. 68-70). aElectronic reproduction.bPalo Alto, Calif. :cebrary,d2013.nAvailable via World Wide Web.nAccess may be limited to ebrary affiliated libraries.20aLabour Party (Great Britain)xHistory. 0aGreat BritainxPolitics and governmenty1837-1901. 0aGreat BritainxPolitics and governmenty1901-1936. 7aElectronic books.2local2 aebrary, Inc. 0aLancaster pamphlets.40uhttp://site.ebrary.com/lib/rucke/Doc?id=5001422zAn electronic book accessible through the World Wide Web; click to view c16183d16183